00877cam a2200157Ia 4500020001500000040000800015082002600023245004900049260003900098300003700137500036300174650001600537942001000553999001700563952013900580 a0028005821 cICX a513 GLE 1993 C289 Or.00aMathematics :bapplications and connections. aLake Forest, IL :bGlencoe,c1993. a15 items in box 21 x 30 x 29 cm. aTeacher's wraparound ed., Transparency sampler, Practice masters, Multicultural activity masters, Application and interdisciplinary activity masters, Study guide masters, Enrichment masters, Evaluation masters, Lab manual, Lesson plans, Alternate assessment, Cooperative learning, Solutions manual, Technology masters, Teacher's guide for software resources. 0aMathematics cAEDBB c22425d22425 0010406513_000000000000000_GLE_1993_C289_OR70996795aLBCbLBCcC289d2023-12-27o513 GLE 1993 C289 Or.pa074764r2023-12-27yAEDBB